| 000 | 00441cam a2200181ua 4500 | ||
|---|---|---|---|
| 020 | _c5.75 | ||
| 041 |
_ahin _h |
||
| 082 |
_a891.54 _bKRI/SA |
||
| 100 | _aKrishnlal, Hans . | ||
| 245 |
_aSahityak nibandh / _cKrishnlal Hans. _hTextual Documents |
||
| 250 |
_a1 / _b. |
||
| 260 |
_aVaranasi : _bHindi Pracharak Pusthakalayam , _c1963. |
||
| 300 | _a410 ; . | ||
| 365 | _a5.75 | ||
| 504 | _a | ||
| 942 | _cBK | ||
| 999 |
_c8187 _d8187 |
||